Fell On Black Days - Soundgarden (All lyrics) - Statistics

General Stats
  • This quiz has been taken 50 times
  • The average score is 139 of 220
Answer Stats
Hint Answer % Correct
I
100%
Black
98%
(Black)
98%
Day
98%
Fell
98%
On
98%
A
90%
Be
90%
Days
88%
(Days)
88%
Chorus 'Cause
86%
To
83%
And
81%
My
81%
No
81%
What
81%
You
81%
I've
79%
That
79%
See
74%
When
74%
Come
69%
So
69%
Post-Chorus How
67%
Know
67%
Life
67%
Me
67%
The
67%
Could
64%
This
64%
Verse 1 Whatsoever
62%
Would
60%
Just
57%
Are
55%
Has
55%
I'm
55%
It
55%
Now
55%
Time
55%
Fate?
52%
Fate?x4
52%
With
52%
Don't
50%
Every
50%
Smile
50%
Doing
48%
Mind
48%
Not
48%
Change
45%
Greet
45%
Became
43%
Down
43%
In
43%
For
40%
Seemed
40%
Up
40%
But
38%
Wanted
38%
Feared
36%
Have
33%
Lock
33%
Put
33%
Say
33%
Sure
33%
Verse 2 Whomsoever
33%
Can't
31%
Hands
31%
Shaking
31%
Fly
29%
Fought
29%
Night
29%
Off
29%
Something
29%
Yeah
29%
Cradled
26%
Cured
24%
Made
24%
Right
24%
Sickened
24%
Sunspots
24%
Tying
24%
Faded
21%
Get
21%
Mine
21%
They
21%
Only
19%
Blind
17%
Yours
17%
Good
14%
Searchlight
14%
Faking
12%
Whomesoever
0%
No matching quizzes found
Score Distribution
Percent of People with Each Score
Percentile by Number Answered
Your Score History
You have not taken this quiz